Brighton & Hove Albion Current Squad - Statistics

General Stats
  • This quiz has been taken 6,210 times
    1,257 since last reset
  • The average score is 16 of 29
Answers on the Map
Answers color-coded by a green-red scale on the quiz's map according to % correct below.
 
Answer Stats
# Position Player Nation % Correct
22 MF Kaoru Mitoma
95%
20 MF James Milner
92%
1 GK Bart Verbruggen
90%
18 FW Danny Welbeck
88%
5 DF Lewis Dunk
88%
17 MF Carlos Baleba
80%
6 DF Jan Paul van Hecke
79%
11 MF Yankuba Minteh
74%
10 FW Georginio Rutter
72%
24 DF Ferdi Kadıoğlu
71%
7 MF Solly March
69%
13 MF Jack Hinshelwood
60%
34 DF Joël Veltman
60%
23 GK Jason Steele
59%
26 MF Yasin Ayari
59%
Head Coach Fabian Hürzeler
56%
27 MF Mats Wieffer
55%
4 DF Adam Webster
52%
8 MF Brajan Gruda
52%
29 DF Maxim De Cuyper
51%
25 MF Diego Gómez
46%
21 DF Olivier Boscagli
37%
19 FW Charalampos Kostoulas
36%
9 FW Stefanos Tzimas
34%
42 DF Diego Coppola
27%
14 MF Tom Watson
27%
38 GK Tom McGill
18%
54 DF Harry Howell
12%
53 MF Charlie Tasker
6%
No matching quizzes found
Score Distribution
Percent of People with Each Score
Percentile by Number Answered
Your Score History
You have not taken this quiz since the last reset